| 000 | 00357 a2200145 4500 | ||
|---|---|---|---|
| 001 | 169663 | ||
| 020 | _a | ||
| 040 | _cMagnum | ||
| 100 | _aParra, Cecilia (Org.) | ||
| 240 | 1 | 0 |
_aDidatica da matematica: reflexoes psicopedagogicas _lpor |
| 245 | 1 | 0 | _aDidatica da matematica: reflexoes psicopedagogicas |
| 362 | 0 | _a1899 | |
| 697 | _aENSINO | ||
| 942 | _cBK | ||
| 999 |
_c169663 _d169663 |
||